South Eastern Kenya University

Library Online Public Access Catalogue


Principles of sedimentology and stratigraphy / (Record no. 2045)

MARC details
000 -LEADER
fixed length control field 00977cam a2200301 a 4500
001 - CONTROL NUMBER
control field 13926816
003 - CONTROL NUMBER IDENTIFIER
control field SEKU
005 - DATE AND TIME OF LATEST TRANSACTION
control field 20140827095402.0
008 - FIXED-LENGTH DATA ELEMENTS--GENERAL INFORMATION
fixed length control field 050412s2006 njua b 001 0 eng
010 ## - LIBRARY OF CONGRESS CONTROL NUMBER
LC control number 2005047667
020 ## - INTERNATIONAL STANDARD BOOK NUMBER
International Standard Book Number 0131547283
020 ## - INTERNATIONAL STANDARD BOOK NUMBER
International Standard Book Number 9780131547285
035 ## - SYSTEM CONTROL NUMBER
System control number (OCoLC)ocm59011627
035 ## - SYSTEM CONTROL NUMBER
System control number (OCoLC)59011627
040 ## - CATALOGING SOURCE
Original cataloging agency DLC
Transcribing agency DLC
Modifying agency YDX
-- BAKER
-- IXA
-- AGL
-- BTCTA
-- YDXCP
-- LVB
-- DLC
-- SEKU
Language of cataloging eng
050 00 - LIBRARY OF CONGRESS CALL NUMBER
Classification number QE571
Item number .B66 2006
070 0# - NATIONAL AGRICULTURAL LIBRARY CALL NUMBER
Classification number QE571
Item number .B66 2006
082 00 - DEWEY DECIMAL CLASSIFICATION NUMBER
Classification number 552/.5
Edition number 22
100 1# - MAIN ENTRY--PERSONAL NAME
Personal name Boggs, Sam.
245 10 - TITLE STATEMENT
Title Principles of sedimentology and stratigraphy /
Statement of responsibility, etc. Sam Boggs, Jr.
250 ## - EDITION STATEMENT
Edition statement 4th ed.
260 ## - PUBLICATION, DISTRIBUTION, ETC. (IMPRINT)
Place of publication, distribution, etc. Upper Saddle River, N.J. :
Name of publisher, distributor, etc. Pearson Prentice Hall,
Date of publication, distribution, etc. c2006.
300 ## - PHYSICAL DESCRIPTION
Extent xix, 662 p. :
Other physical details ill. ;
Dimensions 29 cm.
504 ## - BIBLIOGRAPHY, ETC. NOTE
Bibliography, etc Includes bibliographical references (p. 623-653) and index.
650 #0 - SUBJECT ADDED ENTRY--TOPICAL TERM
Topical term or geographic name as entry element Sedimentation and deposition.
650 #0 - SUBJECT ADDED ENTRY--TOPICAL TERM
Topical term or geographic name as entry element Geology, Stratigraphic.
942 ## - ADDED ENTRY ELEMENTS (KOHA)
Source of classification or shelving scheme Library of Congress Classification
Koha item type General circulation
Classification part QE571
Item part .B66 2006
Holdings
Withdrawn status Lost status Source of classification or shelving scheme Damaged status Not for loan Home library Current library Date acquired Cost, normal purchase price Total Checkouts Total Renewals Full call number Barcode Date last seen Date last checked out Cost, replacement price Price effective from Koha item type Public note Shelving location Source of acquisition
    Library of Congress Classification     Main Campus Library Main Campus Library 27/08/2014 15659.00 4 1 QE571 .B66 2006 2019/022864 10/07/2021 01/07/2021 16159.00 27/08/2014 General circulation Rono    
    Library of Congress Classification     Main Campus Library Main Campus Library 31/07/2015   9 1 QE571 .B66 2006 2015/005594 07/07/2021 23/06/2021   31/07/2015 General circulation smo General Stacks Books for Africa
Kitui, Kenya.
+254736116989
library@seku.ac.ke